Právna forma PS a jej vplyv na financie podnikateľskej sféry bakalárska práca

Guardado en:
Detalles Bibliográficos
Autor principal: Smreková, Mária
Autor Corporativo: Národohospodárska fakulta EU. Katedra financií
Otros Autores: Belanová, Katarína, 1978-
Formato: Libro
Lenguaje:eslovaco
Publicado: Bratislava 2014
Etiquetas: Agregar Etiqueta
Sin Etiquetas, Sea el primero en etiquetar este registro!

MARC

LEADER 00000nbm a2200000 4500
001 0189415
005 20170201085413.9
041 0 |a slo 
044 |a SK 
245 1 0 |a Právna forma PS a jej vplyv na financie podnikateľskej sféry  |b bakalárska práca  |c Mária Smreková ; školiteľ: Katarína Belanová 
264 1 |a Bratislava  |c 2014 
300 |a 49 s. 
100 1 |a Smreková, Mária 
700 1 |a Belanová, Katarína, 1978- 
710 2 |a Národohospodárska fakulta EU. Katedra financií